000 00489nam a2200181Ia 4500
001 3229
005 20260306144905.0
008 260306t1997||||xx |||||||||||||| ||spa||
041 _aESP
082 _a262.9
_bC46 1997
100 _aConsejo Episcopal Latinoamericano
_eAUT
245 0 _aPuebla:
_bla evangelización en el presente y en el futuro de América Latina
260 _c1997
300 _a288 páginas :
_c20 cm.
650 _aGEN
654 _aCHU
942 _cLIB
_dJUS
_fJUS
_2ddc
_n
999 _c3229
_d3229